000 00528nam a2200181Ia 4500
999 _c22426
_d22426
003 OSt
005 20200625113445.0
008 190216s9999||||xx |||||||||||||| ||und||
020 _a8171511643
040 _coclc
082 _a297.2
_bAZA/M
100 _a Azad, Maulana Abul Kalam
_91842
245 4 _aThe Message Of The Quran /
_c Mawlana Abul Kalam Azad
260 _bKitab Bhavan,
_c1992.
_a New Delhi:
300 _a68p
650 _aIslamic History
942 _cBK
_2ddc
_h297.2
_iAZA/M
_k297.2
_mAZA/M